1030 1774 1923 1962 1813 1655 1025 1305 1295 1958 1391 1215 1311 1659 1811 1028 1386 1523 1660 1479 1559 1652 1355 1358 1054 1964 1993 1117 1337 1419 1577 1989 1249 1272 1996 1382 1885 1139 1992 1890 1813 1491 1030 1108 1384 1516 1976 1926 1016 1134 1949 1567 1550 1071 1203 1586 1814 1821 1685 1212 1457 1031 1233 1657 1153 1260 1307 1935 1533 1398 1967 1752 1061 1626 1501 1816 1566 1390 1803 1047 1838 1058 1136 1000 1999 1406 1383 1746 1731 1190 1209 1190 1853 1575 1626 1612 1932 1607 1662 BCNSPRNW ULIB Ver.6.0+V

เปลี่ยนเป็นภาษาไทย

Change to English
 แสดงรายละเอียดบรรณานุกรม
  กลับหน้าหลัก

Brief Record : Get Marc (ISO 2709) : E-mail record : QR code < ปิดหน้าต่าง
LEADER : 00000nam 2200000uu 4500
001    13399125570
003     ULIB
008    170630s2559||||th 000 0 tha d
020    ^a9786165071055
040    ^absi
060 04 ^aWB310^bส576ว
100 0  ^aสันต์ หัตถีรัตน์
245 10 ^aวาระสุดท้ายที่งดงาม /^cโดย สันต์ หัตถีรัตน์
250    ^aพิมพ์ครั้งที่ 1
260    ^aกรุงเทพฯ :^bหมอชาวบ้าน,^c2559
300    ^a211 หน้า :^bภาพประกอบ ;^c21 ซม.
650  4 ^aผู้ป่วยระยะสุดท้าย^xการดูแล
650  4 ^aผู้ป่วยหนัก^xการดูแล
650  4 ^aทัศนคติต่อการตาย
945    ^p0^l0^i002493
945    ^p0^l0^i002494
945    ^p0^l0^i002495
945    ^p0^l0^i002496
945    ^p0^l0^i002497
999    ^aวรรณษา ชูชัยมงคล
รายการนี้ยังไม่มีแท็ก
คุณยังไม่ได้ล็อกอิน คุณสามารถมีกิจกรรมร่วมกับเว็บไซต์ได้ แต่ต้องล็อกอินก่อน ::
  ล็อกอิน

รายการสื่อสารสนเทศ

ลำดับที่ ประเภท เลขเรียก/บาร์โค้ด สถานที่ สถานะ
1. วิทยาศาสตร์การแพทย์ และสุขภาพ
วิทยาศาสตร์การแพทย์ และสุขภาพ
สถานะ=หนังสือเก่า
WB310 ส576ว ฉ.1 
  Barcode: 002493
ห้องสมุดวิทยาเขตสวรรค์ประชารักษ์
►ส่วนจัดเก็บหนังสือเก่า สปร
บนชั้น
  ขอยืม
2. วิทยาศาสตร์การแพทย์ และสุขภาพ
วิทยาศาสตร์การแพทย์ และสุขภาพ
สถานะ=หนังสือเก่า
WB310 ส576ว ฉ.2 
  Barcode: 002494
ห้องสมุดวิทยาเขตสวรรค์ประชารักษ์
►ส่วนจัดเก็บหนังสือเก่า สปร
บนชั้น
  ขอยืม
3. วิทยาศาสตร์การแพทย์ และสุขภาพ
วิทยาศาสตร์การแพทย์ และสุขภาพ
สถานะ=หนังสือเก่า
WB310 ส576ว ฉ.3 
  Barcode: 002495
ห้องสมุดวิทยาเขตสวรรค์ประชารักษ์
►ส่วนจัดเก็บหนังสือเก่า สปร
บนชั้น
  ขอยืม
4. วิทยาศาสตร์การแพทย์ และสุขภาพ
วิทยาศาสตร์การแพทย์ และสุขภาพ
สถานะ=หนังสือเก่า
WB310 ส576ว ฉ.4 
  Barcode: 002496
ห้องสมุดวิทยาเขตสวรรค์ประชารักษ์
►ส่วนจัดเก็บหนังสือเก่า สปร
บนชั้น
  ขอยืม
5. วิทยาศาสตร์การแพทย์ และสุขภาพ
วิทยาศาสตร์การแพทย์ และสุขภาพ
สถานะ=หนังสือเก่า
WB310 ส576ว ฉ.5 
  Barcode: 002497
ห้องสมุดวิทยาเขตสวรรค์ประชารักษ์
►ส่วนจัดเก็บหนังสือเก่า สปร
บนชั้น
  ขอยืม

รายการใกล้เคียง
    ผู้แต่ง [สันต์ หัตถีรัตน์]

    หัวเรื่อง [ทัศนคติต่อการตาย]

BibComment


ยังไม่เคยถูกคอมเมนท์

คอมเมนท์ทรัพยากรรายการนี้
  คอมเมนท์: วาระสุดท้ายที่งด..


 Copyright 2026. Bcnsprnw @Library